000
00248 a2200097 4500
001
41798
100
_a
Compton's
245
_a
Compton's Pictured Encyclopedia & Fact Index (Vol-V)
260
_a
Chicago
_b
F E Compton & Co.
_c
090
_c
25909
_d
25909
942
_a
NUST-CAE
_c
M
_c
17679
999
_c
276871
_d
276871